Physiological strategies for crop improvement: Proceedings of the international conference on plant physiology. 1991. Varanasi (Record no. 40448)

MARC details
000 -LEADER
fixed length control field 00527nam a2200157Ia 4500
082 ## - DEWEY DECIMAL CLASSIFICATION NUMBER
Classification number 581.1:061.31991
Item number TYA
245 #0 - TITLE STATEMENT
Title Physiological strategies for crop improvement: Proceedings of the international conference on plant physiology. 1991. Varanasi
260 ## - PUBLICATION, DISTRIBUTION, ETC. (IMPRINT)
Place of publication Varanasi
Name of publisher Indian Society for Plant Physiology
Year of publication 1991
650 ## - SUBJECT ADDED ENTRY--TOPICAL TERM
Topical Term Crop improvement
650 ## - SUBJECT ADDED ENTRY--TOPICAL TERM
Topical Term Mushroom
650 ## - SUBJECT ADDED ENTRY--TOPICAL TERM
Topical Term Photosynthesis
650 ## - SUBJECT ADDED ENTRY--TOPICAL TERM
Topical Term Rice tissue culture
700 ## - ADDED ENTRY--PERSONAL NAME
Personal name Tyagi, D N
942 ## - ADDED ENTRY ELEMENTS (KOHA)
Koha item type Books
Holdings
Withdrawn status Lost status Damaged status Not for loan Home library Current library Date acquired Cost, normal purchase price Full call number Accession Number Koha item type
        RRII Library RRII Library 16/12/2021 490.00 581.1:061.31991 TYA 20747 Books